000 00909nab a2200265 u 4500
001 15545
003 HDC
007 cr bn ---aaaaa
008 210218c20150507my dr|nes 0 a may d
040 _aHDC
100 _aSri Ayu Kartika Amri
_eauthor
_97653
245 0 _a20 MNC Dicam / oleh
_cSri Ayu Kartika Amri
246 _aMIDA Optimis Hab Prinsipal Lonjak Sektor Perkhidmatan
260 _aKuala Lumpur :
_bThe New Straits Times Press (M) Bhd.,
_c2015
336 _atext
_2rdacontent
337 _acomputer
_2rdamedia
338 _aonline resource
_2rdacarrier
650 _ahub principal
_915719
650 _aservices sector
_96406
710 _aHarian Metro
856 _zRequest full-text at [email protected]
942 _2lcc
942 _cNEWS
942 _kNWSC 005787
999 _c12861
_d12861